Datum a čas kvízu
21.5
Celkem bodů
Celkový počet nahraných bodů na tomto kvízu bez doplňovacích otázek.
8.
Pořadí na kvízu
Konečné umístění týmu na tomto kvízu.
Zaznamenané odpovědi
| # | Otázka | Odpověď | Body | Výsledky |
|---|---|---|---|---|
| 1. | Předvolební superdebatu v Česk... | Matylda | 0 | |
| 2. | Jistě jste i vy zaznamenali ma... | DNS | 0 | |
| 3. | Minulý týden měl premiéru doku... | Olga Malířová Špátová | 0 | |
| 4. | Společnost Blue Origin Jeffa B... | James T. Kirk | 1 | |
| 5. | Jak se jmenuje tenistka, která... | Karolína Plíšková | 0 | |
| -14. | Po Středočeském kraji nás v da... | Španělský sál | 0 | |
| -13. | Oblíbenou atrakcí našeho hlavn... | Nebozízek | 0 | |
| -12. | Místem, které rozhodně stojí z... | Moja | 1 | |
| -11. | Kterou z následujících soch ne... | D | 0 | |
| -10. | Seřaďte následující zahraniční... | 1D 2B 3C 4A | 0 |